<?xml version="1.0" encoding="UTF-8"?>
<marc:record xmlns:marc="http://www.loc.gov/MARC21/slim">
   <marc:leader>00000nam a2200000 a 4500</marc:leader>
   <marc:datafield ind1="1" ind2=" " tag="100">
      <marc:subfield code="a">Harris, Naomie</marc:subfield>
   </marc:datafield>
   <marc:datafield ind1="1" ind2=" " tag="100">
      <marc:subfield code="a">Williams, Michelle</marc:subfield>
   </marc:datafield>
   <marc:datafield ind1="1" ind2=" " tag="100">
      <marc:subfield code="a">Harrelson, Woody</marc:subfield>
   </marc:datafield>
   <marc:datafield ind1="1" ind2=" " tag="100">
      <marc:subfield code="a">Serkis, Andy</marc:subfield>
   </marc:datafield>
   <marc:datafield ind1="1" ind2=" " tag="100">
      <marc:subfield code="a">Hardy, Tom</marc:subfield>
   </marc:datafield>
   <marc:datafield ind1="0" ind2="0" tag="245">
      <marc:subfield code="a">Venom: Let There Be Carnage</marc:subfield>
   </marc:datafield>
   <marc:datafield ind1=" " ind2="1" tag="264">
      <marc:subfield code="b">Sony Pictures Home Entertainment</marc:subfield>
      <marc:subfield code="c">2021</marc:subfield>
   </marc:datafield>
   <marc:datafield ind1="1" ind2=" " tag="520">
      <marc:subfield code="a">Die Entwicklungsgeschichte von Marvels geheimnisvollster, komplexester und krassester Figur &#x96; Venom! Als Journalist versucht Eddie schon seit Langem den zwielichtigen, aber genialen Gründer der Life Foundation, Carlton Drake, zu überführen &#x96; eine Besessenheit, die ihn bereits seine Karriere und die Beziehung zu seiner Freundin Anne Weying (Michelle Williams) gekostet hat. Bei der aktuellen Recherche zu Drakes Experimenten verbindet sich das Alien Venom mit Eddies Körper und verleiht ihm nicht nur erstaunliche Superkräfte, sondern auch die Freiheit, zu tun, was immer er will. Durchtrieben, düster, unberechenbar und voller Zorn: Eddie muss lernen, die gefährlichen Kräfte, die von Venom ausgehen, zu kontrollieren. Und ist gleichzeitig berauscht von der neu gewonnen Macht, die er nun in sich spürt.</marc:subfield>
   </marc:datafield>
   <marc:datafield ind1="3" ind2=" " tag="024">
      <marc:subfield code="a">4030521757882</marc:subfield>
   </marc:datafield>
   <marc:datafield ind1=" " ind2=" " tag="041">
      <marc:subfield code="a">ger</marc:subfield>
   </marc:datafield>
   <marc:datafield ind1="0" ind2=" " tag="490">
      <marc:subfield code="v">0</marc:subfield>
   </marc:datafield>
   <marc:datafield ind1=" " ind2=" " tag="300">
      <marc:subfield code="a">1 DVD - Video (96 Minuten, PAL 2): farbig</marc:subfield>
   </marc:datafield>
</marc:record>
